HANDBOOK OF MEDICAL LABORATORY TECHNOLOGY (Record no. 8641)

MARC details
000 -LEADER
fixed length control field 00436nam a22001697a 4500
005 - DATE AND TIME OF LATEST TRANSACTION
control field 20240903141410.0
008 - FIXED-LENGTH DATA ELEMENTS--GENERAL INFORMATION
fixed length control field 240902b |||||||| |||| 00| 0 eng d
020 ## - INTERNATIONAL STANDARD BOOK NUMBER
ISBN 978-93-5696-294-1
041 ## - LANGUAGE CODE
Language code of text/sound track or separate title eng
082 ## - DEWEY DECIMAL CLASSIFICATION NUMBER
Classification number 616.075 MAH
100 ## - MAIN ENTRY--AUTHOR NAME
Personal name MAHESHWARI, NANDA
245 ## - TITLE STATEMENT
Title HANDBOOK OF MEDICAL LABORATORY TECHNOLOGY
260 ## - PUBLICATION, DISTRIBUTION, ETC. (IMPRINT)
Place of publication NEW DELHI
Name of publisher JAYPEE BROTHERS
Year of publication 2023
300 ## - PHYSICAL DESCRIPTION
Number of Pages 528;P
650 ## - SUBJECT ADDED ENTRY--TOPICAL TERM
Topical Term BMLT
942 ## - ADDED ENTRY ELEMENTS (KOHA)
Koha item type Books
Holdings
Lost status Damaged status Collection code Home library Current library Shelving location Date acquired Source of acquisition Cost, normal purchase price Full call number Accession Number Koha item type
    Bachelor of Medical Laboratory Technology JRU Library JRU Library SHELF-106-B 30/08/2024 PURCHASE 850.00 616.075 28412 Books
    Bachelor of Medical Laboratory Technology JRU Library JRU Library SHELF-28-A 30/08/2024 PURCHASE 850.00 616.075 28413 Books